| 000 | 00933nam a2200205Ia 4500 | ||
|---|---|---|---|
| 008 | 191130s2006##################000#0#eng## | ||
| 020 | _a9780199179381 | ||
| 040 |
_aACL _cACL |
||
| 082 | _a363.69 HED | ||
| 100 | _aHeddle, Becca | ||
| 245 |
_aWhat's left behind? _cBecca Heddle |
||
| 250 | _a1st ed | ||
| 260 |
_aOxford _bOxford University Press _c2006 |
||
| 300 | _a32 p. : col. ill. ; 23 cm | ||
| 500 | _aIncludes index | ||
| 650 | _aOther social problems & services | ||
| 990 | _a4cf8e3aaac10000c096b640c9a9aee32 | ||
| 991 | _a2879 | ||
| 999 |
_c94782 _d94782 |
||